FIFA World Cup Opening Games - Statistics

General Stats
  • This quiz has been taken 45 times
  • The average score is 11 of 18
Answer Stats
Year Host or Cup Holder Nation Result Opponent % Correct
2022 Qatar 0:2 Ecuador
88%
2010 South Africa 1:1 Mexico
80%
1958 Sweden 3:0 Mexico
80%
1950 Brazil 4:0 Mexico
80%
2018 Russia 5:0 Saudi Arabia
80%
1966 England 0:0 Uruguay
70%
2002 France 0:1 Senegal
68%
2014 Brazil 3:1 Croatia
60%
1982 Argentina 0:1 Belgium
58%
2006 Germany 4:2 Costa Rica
58%
1978 West Germany 0:0 Poland
55%
1990 Argentina 0:1 Cameroon
53%
1998 Brazil 2:1 Scotland
53%
1962 Chile 3:1 Switzerland
43%
1974 Brazil 0:0 Yugoslavia
43%
1994 Germany 1:0 Bolivia
38%
1986 Italy 1:1 Bulgaria
38%
1970 Mexico 0:0 Soviet Union
38%
No matching quizzes found
Score Distribution
Percent of People with Each Score
Percentile by Number Answered
Your Score History
You have not taken this quiz